banner koha

Variacao sazonal da fotossintese liquida e respiracao de Cabralea canjerana (Vell.)Mart. Ilex paraguariensis St. Hil e Podocarpus Lambertii K1. em funcao da intensidade luminosa e temperatura [Canjerana, mate, pinheiro bravo] (Registro n. 40780)

MARC details
000 -LÍDER
campo de controle de tamanho fixo 01465nam a22003497a 4500
001 - NÚMERO DE CONTROLE
campo de controle BR8705195
003 - IDENTIFICADOR DO NÚMERO DE CONTROLE
campo de controle BR-BrBNA
005 - DATA E HORÁRIO DA ÚLTIMA TRANSAÇÃO
campo de controle 20230928092722.0
007 - CAMPO FIXO DE DESCRIÇÃO FÍSICA--INFORMAÇÃO GERAL
campo de controle de tamanho fixo ta
008 - CAMPO DE DADOS FIXOS--INFORMAÇÃO GERAL
campo de controle de tamanho fixo 230509b bl.||||| |||| 00| 0 por d
040 ## - FONTE DA CATALOGAÇÃO
Instituição da catalogação original BR-BrBNA
Idioma da catalogação por
Instituição que transcreveu o registro Biblioteca Nacional de Agricultura
041 ## - CÓDIGO DE IDIOMA
Código do idioma do texto/trilha sonora ou título diferente (Por)
072 ## - CÓDIGO DE CATEGORIA DE ASSUNTO
Código de Categoria de Assunto F61
Código do objeto 3290
-- 2140
090 ## - NÚMERO DE CHAMADA LOCAL
-- 3290 BR8705195
100 1# - ENTRADA PRINCIPAL--NOME PESSOAL
Nome pessoal Galvao, F.
110 1# - ENTRADA PRINCIPAL--NOME CORPORATIVO
Nome corporativo ou nome da jurisdição Universidade Federal do Parana, Curitiba (Brasil). Setor de Ciencias Agrarias
Grau Universitário Tese (Doutorado)
245 1# - TÍTULO
Título Variacao sazonal da fotossintese liquida e respiracao de Cabralea canjerana (Vell.)Mart. Ilex paraguariensis St. Hil e Podocarpus Lambertii K1. em funcao da intensidade luminosa e temperatura [Canjerana, mate, pinheiro bravo]
246 1# - FORMA VARIANTE DO TÍTULO
Título/título abreviado [Seasonal variation of the liquid photosynthesis and respiration of Cabralea canjerana (Vell.)Mart. Ilex paraguariensis St. Hil and Podocarpus Lambertii K1. regarding light intensity and temperature]
260 3# - PUBLICAÇÃO, DISTRIBUIÇÃO, ETC.
Local de publicação, distribuição, etc. Curitiba, PR (Brasil):
Data da publicação, distribuição, etc. 1986.
300 ## - DESCRIÇÃO FÍSICA
Extensão 134 p.
500 ## - NOTA GERAL
Nota geral 28 illus.; 14 tables; Bibliography (71 ref.); Summaries (Eng, Por). (*) Documento disponível na(o) UFPR, PR (Brazil). Setor de Ciencias Agrarias
650 ## - ASSUNTO--TERMO TÓPICO
Cabeçalho tópico ou nome geográfico FOTOSSINTESE
650 ## - ASSUNTO--TERMO TÓPICO
Cabeçalho tópico ou nome geográfico RADIACAO LUMINOSA
650 ## - ASSUNTO--TERMO TÓPICO
Cabeçalho tópico ou nome geográfico RESPIRACAO
650 ## - ASSUNTO--TERMO TÓPICO
Cabeçalho tópico ou nome geográfico TEMPERATURA
650 ## - ASSUNTO--TERMO TÓPICO
Cabeçalho tópico ou nome geográfico VARIACAO SAZONAL
650 ## - ASSUNTO--TERMO TÓPICO
Cabeçalho tópico ou nome geográfico CANJARANA
650 ## - ASSUNTO--TERMO TÓPICO
Cabeçalho tópico ou nome geográfico MATE
650 ## - ASSUNTO--TERMO TÓPICO
Cabeçalho tópico ou nome geográfico PINHEIRO BRAVO
909 ## -
-- 202309
-- Lucia
-- 55
-- Lucia Elande
942 ## - ELEMENTOS DE ENTRADA ADICIONADOS (KOHA)
Tipo de material Koha Livros
Exemplares
Situação do descarte Fonte da classificação ou esquema de arquivamento na estante Situação física Não pode ser emprestado Biblioteca de origem Biblioteca atual Total de empréstimos Data de último acesso Número do exemplar Tipo de material Koha Nota pública Situação das perdas Data de aquisição Fonte de aquisição Qualificador de local codificado Custo, preço normal de compra Número do inventário Custo, preço de reposição Preço efetivo de
  Classificação AGRIS   INDISPONÍVEL Centro Cooperante Centro Cooperante   25/09/2023 01 Livros (*) Documento disponível na(o) RURALMINAS, Belo Horizonte, MG (Brazil) Em falta              

BINAGRI

Telefone: (61)3218-2567/2388/3357/2097 - binagri@agro.gov.br

Ministério da Agricultura e Pecuária , Esplanada dos Ministérios, Bloco D, Anexo B, Brasília/DF, CEP: 70.043-900